|
|
|
|
| LEADER |
00000nab a2200000 ar4500 |
| 001 |
vtls008998730 |
| 003 |
SK-MaSNL |
| 005 |
20260303065855.0 |
| 008 |
070613c2007 xo mr|p|||||||000 b|slo |
| 015 |
|
|
|a SNBRB2007/06
|2 snkbucl
|
| 038 |
|
|
|a SNKBUCL
|
| 040 |
|
|
|a SNKBUCL
|b slo
|e AACR2
|c SNKBUCL
|
| 041 |
0 |
|
|a slo
|
| 044 |
|
|
|a xo
|c SK
|
| 080 |
|
|
|a 336.712
|x (437.3:437.6)
|2 2001
|
| 080 |
|
|
|a 336.71:658.8
|2 2001
|
| 245 |
0 |
0 |
|a Najväčší úspech ČSOB na Slovensku
|
| 300 |
|
|
|b Fotogr.
|
| 610 |
2 |
7 |
|a Československá obchodná banka (Slovensko)
|2 snkbucl
|9 29265
|
| 773 |
0 |
|
|t Dimenzie
|g Roč. VII, č. 6 (2007), s. [2-3]
|x 1335-9959
|
| 852 |
|
|
|a SNK
|b KIS3GCP
|
| 958 |
|
|
|a SK
|
| 999 |
|
|
|c 1753079
|d 1755009
|